000 00933nam a2200289 a 4500
005 20200104041517.0
008 140224b1994 ck |||||rm||| 00| 0 eng d
040 _aCO-BoIAVH
_cCO-BoIAVH
041 _aeng
044 _axxu
090 _aTE
_b0049
100 _aBaptiste-Ballera, Luis Guillermo
245 _aRural community approaches to biodiversity conservation in the Colombian high montains
260 _aFlorida
_bUniversity of Florida
_c1994
300 _a132 p.
650 _aComunidades rurales
650 _aComunidades locales
650 _aConservación de biodiversidad
650 _aEcosistemas de montaña
650 _aPaisaje cultural
650 _aPaisaje rural
650 _aEcología del paisaje
650 _aSistemas de producción agrarios
650 _aManejo de recursos
662 _aColombia
_bBoyacá
942 _cTESIS
_2z
999 _c1057
_d1057